000 00765nam a2200205Ia 4500
008 0000001987 sp a 0000000000spa00
090 _aPSP00 D17r
100 1 _aDaroca, Rafael.
245 1 0 _aRafael Daroca
300 _a[6] p.
_c/ 22 cm.
500 _aExposición realizada en Velazquez Galería de Arte, Valladolid, Febrero 1528, 1987 \ Con el patronazgo del maestro venezolano Jesús Rafael Soto (q.e.p.d.) \
600 0 0 _aDAROCA, RAFAEL/
_xTRABAJOS PICTORICOS
650 1 4 _aARTE CONTEMPORANEO ESPAÑOL
650 1 4 _xCATALOGOS
650 1 4 _xEXPOSICIONES
650 1 4 _aPINTORES ESPAÑOLES
650 1 4 _aPINTURA DE PAISAJES ESPAÑOLA
650 1 4 _aPINTURA ESPAÑOLA
999 _c6668
_d6668
260 _aValladolid (España) : Velazquez Galería de Arte
_c1987